From Organizational Welfare to Business Success: Higher Performance in Healthy Organizational Environments (Record no. 47636)

MARC details
000 -LEADER
fixed length control field 02276nam a2200265Ia 4500
000 - LEADER
fixed length control field 02663naaa 00325uu
001 - CONTROL NUMBER
control field https://directory.doabooks.org/handle/20.500.12854/48116
005 - DATE AND TIME OF LATEST TRANSACTION
control field 20260218105715.0
008 - FIXED-LENGTH DATA ELEMENTS--GENERAL INFORMATION
fixed length control field 211013s9999 xx 000 0 und d
020 ## - INTERNATIONAL STANDARD BOOK NUMBER
International Standard Book Number 978-2-88945-315-3
024 ## - OTHER STANDARD IDENTIFIER
Standard number or code 10.3389/978-2-88945-315-3
042 ## - AUTHENTICATION CODE
Authentication code dc
245 #0 - TITLE STATEMENT
Title From Organizational Welfare to Business Success: Higher Performance in Healthy Organizational Environments
260 ## - PUBLICATION, DISTRIBUTION, ETC.
Name of publisher, distributor, etc. Frontiers Media SA
Date of publication, distribution, etc. 2017
300 ## - PHYSICAL DESCRIPTION
Extent 1 electronic resource (229 p.)
520 ## - SUMMARY, ETC.
Summary, etc. This e-book provides insight into the link between employee health and productivity/performance, with a focus on how individuals, groups, or organizations can intervene in this relationship to improve both well-being and performance-related outcomes. Given the continuous changes that organizations and employees face, such as the aging workforce and continued economic turbulence, it is not surprising that studies are increasingly finding that employee health is related to job conditions. The papers in this e-book emphasize that organizations make a critical difference when it comes to employees' health and well-being. In turn, healthy employees help their organizations to flourish. Such findings are in line with the recent emphasis by both the International Labour Organization (ILO) and the United Nations (UN) on the importance of work for individual well-being and the importance of individual well-being for productive and sustainable economic growth (see e.g., ILO, 1985; World Health Organisation, 2007; UN, 2015). Overall, the papers report findings from a cumulative sample of nearly 19,000 workers and perspectives from 68 authors. They suggest that performance cannot be successfully achieved at the cost of health and well-being, and provide various perspectives and tools to guide future research and practice.
540 ## - TERMS GOVERNING USE AND REPRODUCTION NOTE
Terms governing use and reproduction Creative Commons
653 ## - INDEX TERM--UNCONTROLLED
Uncontrolled term well-being
700 1# - ADDED ENTRY--PERSONAL NAME
Personal name Annamaria Di Fabio
700 1# - ADDED ENTRY--PERSONAL NAME
Personal name Gabriele Giorgi
700 1# - ADDED ENTRY--PERSONAL NAME
Personal name Mindy Shoss
856 ## - ELECTRONIC LOCATION AND ACCESS
Uniform Resource Identifier <a href="https://docs.google.com/spreadsheets/d/1yKIrdCPDAG_9c22mwoOIO2DOhtj65Wqa/edit?usp=sharing&ouid=106555315294820607512&rtpof=true&sd=true ">https://docs.google.com/spreadsheets/d/1yKIrdCPDAG_9c22mwoOIO2DOhtj65Wqa/edit?usp=sharing&ouid=106555315294820607512&rtpof=true&sd=true </a>
Link text List of Curated E-Books
942 ## - ADDED ENTRY ELEMENTS (KOHA)
Koha item type E-Book
Holdings
Withdrawn status Source of classification or shelving scheme Damaged status Not for loan Home library Current library Date acquired Total Checkouts Date last seen Price effective from Koha item type
  Library of Congress Classification   Not For Loan Directory of Open Access Books Directory of Open Access Books 12/22/2021   12/22/2021 12/22/2021 E-Book

University of Rizal System
Email us at univlibservices@urs.edu.ph

Visit our Website www.urs.edu.ph/library